Industrial relations : a contemporary analysis / (Record no. 3233)

000 -LEADER
fixed length control field 01090cam a2200361 a 4500
001 - CONTROL NUMBER
control field 12545210
003 - CONTROL NUMBER IDENTIFIER
control field OSt
005 - DATE AND TIME OF LATEST TRANSACTION
control field 20160907163459.0
008 - FIXED-LENGTH DATA ELEMENTS--GENERAL INFORMATION
fixed length control field 010925s2001 at b 001 0 eng d
010 ## - LIBRARY OF CONGRESS CONTROL NUMBER
LC control number 2001430924
020 ## - INTERNATIONAL STANDARD BOOK NUMBER
International Standard Book Number 0074709755
035 ## - SYSTEM CONTROL NUMBER
System control number 000022290164
040 ## - CATALOGING SOURCE
Original cataloging agency ANL
Language of cataloging eng
Transcribing agency DLC
Modifying agency DLC
042 ## - AUTHENTICATION CODE
Authentication code lccopycat
043 ## - GEOGRAPHIC AREA CODE
Geographic area code u-at---
050 00 - LIBRARY OF CONGRESS CALL NUMBER
Classification number HD8846.5.I542 2001
082 00 - DEWEY DECIMAL CLASSIFICATION NUMBER
Classification number 331/.0994
Edition number 21
100 ## - MAIN ENTRY--PERSONAL NAME
Personal name Deery, Stephen
245 00 - TITLE STATEMENT
Title Industrial relations : a contemporary analysis /
Statement of responsibility, etc [Stephen] Deery ... [et al.].
250 ## - EDITION STATEMENT
Edition statement 2nd ed.
260 ## - PUBLICATION, DISTRIBUTION, ETC. (IMPRINT)
Place of publication, distribution, etc Roseville, NSW :
Name of publisher, distributor, etc McGraw-Hill Australia,
Date of publication, distribution, etc 2001.
300 ## - PHYSICAL DESCRIPTION
Extent x, 422 p. ;
Dimensions 24 cm.
500 ## - GENERAL NOTE
General note Previous ed.: 1997.
500 ## - GENERAL NOTE
General note Includes index.
504 ## - BIBLIOGRAPHY, ETC. NOTE
Bibliography, etc Bibliography: p. [379] - 404.
650 #0 - SUBJECT ADDED ENTRY--TOPICAL TERM
Topical term or geographic name as entry element Industrial relations
Geographic subdivision Australia.
700 1# - ADDED ENTRY--PERSONAL NAME
Personal name Plowman, David
Dates associated with a name 1955-
700 1# - ADDED ENTRY--PERSONAL NAME
Personal name Brown, Michelle
700 1# - ADDED ENTRY--PERSONAL NAME
Personal name Walsh, Janet
906 ## - LOCAL DATA ELEMENT F, LDF (RLIN)
a 7
b cbc
c copycat
d 3
e ncip
f 20
g y-gencatlg
942 ## - ADDED ENTRY ELEMENTS (KOHA)
Source of classification or shelving scheme
Koha item type Book

No items available.


Riara University Library,
P.O. Box 49940-00100,
Nairobi, Kenya.